000 00446nam a2200169Ia 4500
003 GCL
008 140319s9999 xx 000 0 eng d
040 _aGCL /
_cGCL
082 0 4 _a621.381
_bT P
100 1 _aTURNER, DAVID
245 1 0 _aPRACTICAL EXERCISES IN MICROECLECTRONICS /
_cTURNER, DAVID
260 _a[S.N] :
_bSTANTEY THORNES ،
_c1992
300 _a134 p
650 0 4 _aELECTRONICS
650 0 4 _aMICRO ELECTRONICS
942 _2ddc
_cBK
999 _c21346
_d21346